Report on the working of borstal school Pudukottai (Record no. 495930)

000 -LEADER
fixed length control field 00413cam a22001097a 4500
008 - FIXED-LENGTH DATA ELEMENTS--GENERAL INFORMATION
fixed length control field 180718b1970 xxu||||| |||| 00| 0 eng d
082 ## - DEWEY DECIMAL CLASSIFICATION NUMBER
Classification number Q98x5452 Bs
245 ## - TITLE STATEMENT
Title Report on the working of borstal school Pudukottai
Statement of responsibility, etc. by Home Department
260 ## - PUBLICATION, DISTRIBUTION, ETC.
Place of publication, distribution, etc. Pudukottai
Name of publisher, distributor, etc. The Director of Stationert Printing Press
Date of publication, distribution, etc. 1970
500 ## - GENERAL NOTE
General note Library has : 1957,.1958,1961,1664,1966,1967,1968,1969
700 ## - ADDED ENTRY--PERSONAL NAME
Personal name Tamilnadu.Home Department
Holdings
Withdrawn status Lost status Damaged status Not for loan Permanent Location Current Location Date acquired Full call number Barcode Date last seen Price effective from Koha item type
        Indian Institute of Public Administration Indian Institute of Public Administration 2018-08-04 Q98x5452 Bs GG14048 2018-08-04 2018-08-04 GG
        Indian Institute of Public Administration Indian Institute of Public Administration 2018-08-04 Q98x5452 Bs GG14047 2018-08-04 2018-08-04 GG
        Indian Institute of Public Administration Indian Institute of Public Administration 2018-08-04 Q98x5452 Bs GG13259 2018-08-04 2018-08-04 GG
        Indian Institute of Public Administration Indian Institute of Public Administration 2018-08-04 Q98x5452 Bs GG10402 2018-08-04 2018-08-04 GG
        Indian Institute of Public Administration Indian Institute of Public Administration 2018-08-04 Q98x5452 Bs GG6204 2018-08-04 2018-08-04 GG
        Indian Institute of Public Administration Indian Institute of Public Administration 2018-08-04 Q98x5452 Bs GG1180 2018-08-04 2018-08-04 GG

Powered by Koha